| 000 | 00525nam a2200157 i 4500 | ||
|---|---|---|---|
| 001 | 60961 | ||
| 003 | ES-MaACL | ||
| 005 | 20230906164335.0 | ||
| 007 | t| | ||
| 008 | 031107s1963 sp ||||1| spa d | ||
| 245 | 0 | 0 | _aEstudios sobre la emancipación de Hispanoamérica. |
| 260 |
_aMadrid : _bConsejo Superior de Investigaciones Científicas, Instituto Gonzalo Fernández de Oviedo, _c1963. |
||
| 300 |
_a418 p. ; _c24 cm. |
||
| 710 | 2 |
_aInstituto "Gonzalo Fernández de Oviedo" _95079 |
|
| 852 |
_aES-MaACL _jC-26340 _bR.55467 |
||
| 999 |
_c60961 _d60961 |
||